| 000 | 02031nam0a2200289 i 4500 | ||
|---|---|---|---|
| 001 | RU\NLR\BIBL_A\010299848 | ||
| 005 | 20260409063309.0 | ||
| 010 |
_a9785392135356 _912000 |
||
| 021 |
_aRU _b2014-5985 _9372 |
||
| 035 | _a(NLR Aleph) 010299848 | ||
| 090 |
_a10588132 _c10588132 |
||
| 100 | _a20130227d2014 u a0rusy50 ca | ||
| 101 | 0 | _arus | |
| 102 | _aRU | ||
| 105 | _ay n|||000yy | ||
| 200 | 1 |
_aАрбитражный процессуальный кодекс Российской Федерации _eпо состоянию на 25 января 2014 г. _e[принят Государственной Думой 14 июня 2002 года _eодобрен Советом Федерации 10 июля 2002 года _eизменения: Федеральный закон от 28 июля 2004 г. № 80-Ф3 ... Федеральный закон от 2 ноября 2013 г. № 294-Ф3 _eпояснения к порядку и условиям применения: Постановление Конституционного Суда РФ от 17 ноября 2005 г. № 11-П, Постановление Конституционного Суда РФ от 25 марта 2008 г. № 6-П] |
|
| 210 |
_aМосква _cПроспект _cКноРус _d2014 |
||
| 215 |
_a159, [1] с. _d20 |
||
| 225 | 1 | _aПрофессиональные юридические системы Кодекс | |
| 604 |
_171001$aРоссийская Федерация _1500##$aАрбитражный процессуальный кодекс$2nlr_sh2$3RU\NLR\AUTH\661262504 _3RU\NLR\AUTH\661262504 _aРоссийская Федерация _tАрбитражный процессуальный кодекс _92086371 |
||
| 686 | 1 | _aХ629.221-324.9(2Р) | |
| 740 | 1 |
_aРоссийская Федерация _tЗаконы _iАрбитражный процессуальный кодекс _3RU\NLR\AUTH\880379475 _9425334 |
|
| 942 | _cBOOK | ||
| 980 | _aNBR | ||